Євген Чикаленко.Його життя і громадська діяльність (Запис № 17352)

000 -Маркер запису
Контрольне поле сталої довжини 01384nam a22002537a 4500
003 - Належність контрольного номера
Контрольне поле Uzh_bibl
008 - Кодовані дані
Контрольне поле сталої довжини 260416b |||||||| |||| 00| 0 ukr d
020 ## - Індекс ISBN
ISBN 978-966-8924-58-3
Ціна 31.00
040 ## - Джерело каталогіз.
Код мови каталог. укр.
041 ## - Код мови видання
Код мови оригіналу українська
Код мови тексту українська
080 ## - Індекс УДК
Індекс УДК 94(477)
090 ## - Шифри
Поличний індекс 94(477)
Авторський знак Д 69
100 ## - Автор
Автор Дорошенко,Дмитро
245 ## - Назва
Назва Євген Чикаленко.Його життя і громадська діяльність
Відповідальність передмова проф. Любомира Белея
Фізичний носій Текст
260 ## - Вихідні дані
Місце видання Ужгород
Видавництво Ґражда
Дата видання 2008
300 ## - Фізичний опис
Обсяг 224 с.
Ілл./тип відтвор. іл.
Тип одиниці В опр.
490 ## - Серія
Назва серії Серія"Ucrainica: ad fontеs"
№ тому Кн.1
520 ## - Анотація
Анотація Наукову серію Ucrainica: ad fontes відкриваємо маловідомою працею проф. Дмитра Дорошенка «Євген Чикаленко», що була написана славетним істориком до п’ятих роковин смерті великого українського громадського діяча, мецената, видавця й ученогоагронома та хлібороба-практика.
521 ## - Примітка про цільове призначення
Примітка про цільове призначення Для широкого кола читачів
546 ## - Примітка про мову
Примітка про мову укр.
650 ## - Тематичні рубрики
Основна рубрика Наукове видання
653 ## - Ключові слова
Ключові слова Меценат
-- Видавець
-- Хлібороб
942 ## - ADDED ENTRY ELEMENTS (KOHA)
Джерело класифікації чи схема поличного розташування
Koha item type Книги
Фонди
Статус вилучення Статус втрати/відсутності Джерело класифікації чи схема поличного розташування Статус пошкодження Тип обігу (не для випозичання) Постійне розташування Поточне розташування Розташування у відділі Дата надходження Інвентарний номер Total Checkouts Повний (примірниковий) шифр зберігання Штрих-код Date last seen Дата, для якої чинна ціна заміни Тип одиниці (рівень примірника)
          Публічна бібліотека Публічна бібліотека Абонемент 16/04/2026 62243   94(477) 19310 16/04/2026 16/04/2026 Книги

Працює на АБІС Коха